000 00366nam a2200145Ia 4500
008 230917s9999||||xx |||||||||||||| ||und||
040 _e126379
_aMAIN
041 _aEnglish
082 _a813.09 S64F
100 _aScholes, Robert
245 0 _a/Febulation and metafiction
260 _aUrbana
_bUniversity of Illinois Press
_c1979
300 _a222 p.
942 _cBK
999 _c35535
_d35535